00473nam a2200181 a 4500001001300000003000900013005001700022008004100039020000900080082001300089100001800102245005900120260003800179300000800217500003500225650001300260700001800273nice12345678IN_TiNIC20260116015217.0080529s1954 newa grp 000 0 eng  ac5000a230bPHI aPhillips, J B aAppointment With Godb Some Thoughts on Holy Communion aNew YorkbMacmillan Companyc1954 a61p aincludes index and biblioraphy aTheology1 aPhillips, J B